Varovné signály a prognózy kvality života v nadväznosti na vzdelanostnú úroveň slovenskej populácie

Kvalita života v nadväznosti na vzdelanostnú úroveň obyvateľstva. Prostredníctvom výskumnej metódy dotazník poukazuje na varovné signály a prognózy kvality života slovenskej populácie.

Saved in:
Bibliographic Details
Main Author: Masárová, Tatiana
Format: Book Chapter
Language:Slovak
Subjects:
Tags: Add Tag
No Tags, Be the first to tag this record!

MARC

LEADER 00000naa a2200000 4500
001 0144428
005 20231207072432.9
041 0 |a slo 
044 |a SK 
245 1 0 |a Varovné signály a prognózy kvality života v nadväznosti na vzdelanostnú úroveň slovenskej populácie  |c Tatiana Masárová 
520 |a Kvalita života v nadväznosti na vzdelanostnú úroveň obyvateľstva. Prostredníctvom výskumnej metódy dotazník poukazuje na varovné signály a prognózy kvality života slovenskej populácie. 
610 2 0 |a prognózy 
610 2 0 |a kvalita života 
610 2 0 |a Slovensko 
610 2 0 |a vzdelanie 
610 2 0 |a populácia 
100 1 |a Masárová, Tatiana